Daily Excelsior (Record no. 19927)

MARC details
000 -LEADER
fixed length control field 00228nam a22000977a 4500
008 - FIXED-LENGTH DATA ELEMENTS--GENERAL INFORMATION
fixed length control field 230304b |||||||| |||| 00| 0 eng d
245 ## - TITLE STATEMENT
Title Daily Excelsior
260 ## - PUBLICATION, DISTRIBUTION, ETC. (IMPRINT)
Place of publication Jammu
Name of publisher Excelsior House
Year of publication 2023
300 ## - PHYSICAL DESCRIPTION
Number of Pages 18
942 ## - ADDED ENTRY ELEMENTS (KOHA)
Source of classification or shelving scheme Dewey Decimal Classification
Koha item type News Paper

No items available.